ALAI entrevista a la Central Sandinista de Trabajadores

محفوظ في:
التفاصيل البيبلوغرافية
التنسيق: نص
الموضوعات:
الوسوم: إضافة وسم
لا توجد وسوم, كن أول من يضع وسما على هذه التسجيلة!

MARC

LEADER 00000 a a2200000 04500
001 17958
003
040
245 |a ALAI entrevista a la Central Sandinista de Trabajadores  
650 |a TRABAJADORES  
650 |a DICTADURA  
650 |a PARTIDOS POLITICOS  
650 |a ECONOMIA  
650 |a NICARAGUA  
773 |g volumen 4, número 31; páginas 355-359  
999 |c 32914  |d 32914 
773 0 |0 42391  |9 3818  |a Agencia Latinoamericana de Información, ALAI  |d Quito, Ecuador: ALAI  |o 04435  |t ALAI:  |x 08275564 (Servicio mensual de información y documentación)